| 000 | 02027cim a2200481 a 4500 | ||
|---|---|---|---|
| 999 |
_c529809 _d529809 |
||
| 001 | 16913311 | ||
| 003 | NUST | ||
| 005 | 20191003123651.0 | ||
| 007 | sd fsngnnmmned | ||
| 008 | 110810s2010 nyunnn| f | eng d | ||
| 010 | _a 2011622251 | ||
| 020 | _a9781607886556 | ||
| 020 | _a1607886553 | ||
| 028 | 0 | 2 |
_a2-82655 _bHachette Audio |
| 035 | _a(OCoLC)ocn606759817 | ||
| 038 | _awaseem | ||
| 040 |
_aBTCTA _beng _cBTCTA _dTEF _dTEFMT _dIUI _dOCLCA _dDLC |
||
| 042 | _alccopycat | ||
| 043 | _an-us-dc | ||
| 050 | 0 | 0 | _aSDC 05739 |
| 082 |
_a813.54 _bBAL |
||
| 100 | 1 |
_aBaldacci, David. _96689 |
|
| 245 | 1 | 0 |
_aHell's corner _h[sound recording] / _cDavid Baldacci. |
| 260 |
_aNew York : _bHachette Audio, _cp2010. |
||
| 300 |
_a6 sound discs (7.5 hr.) : _bdigital ; _c4 3/4 in. |
||
| 306 | _a073000 | ||
| 500 | _aAbridged. | ||
| 500 | _aCompact discs. | ||
| 511 | 0 | _aRead by Ron McLarty and Orlagh Cassidy. | |
| 520 | _aA bomb detonates in the White House immediately after the British prime minister departs from the state dinner. Oliver Stone, who witnesses the event, believes the prime minister and the president were targets of a terrorist plot. MI-5 agent Mary Chapman is assigned to assist Stone and his Camel Club with the investigation, which reveals that the bombing may have actually been botched and is part of a darker, deadlier conspiracy. | ||
| 650 | 0 |
_aStone, Oliver (Fictitious character) _vFiction. _911673 |
|
| 650 | 0 |
_aCamel Club (Imaginary organization) _vFiction. _911674 |
|
| 650 | 0 |
_aBombing investigation _vFiction. _922664 |
|
| 651 | 0 |
_aWashington (D.C.) _vFiction. _94575 |
|
| 655 | 7 |
_aSuspense fiction. _2gsafd _94577 |
|
| 655 | 7 |
_aAudiobooks. _2lcgft _922543 |
|
| 700 | 1 |
_aMcLarty, Ron. _4prf _922665 |
|
| 700 | 1 |
_aCassidy, Orlagh. _4prf _922666 |
|
| 856 | 4 | 2 |
_3Publisher description _uhttp://www.loc.gov/catdir/enhancements/fy1115/2011622251-d.html |
| 906 |
_a7 _bcbc _ccopycat _d2 _encip _f20 _gy-soundrec |
||
| 942 |
_2ddc _cBK |
||